000 00615nam a22002057a 4500
003 AM-YEHGA
005 20250617164014.0
008 210908b ||||| |||| 00| 0 rus d
040 _aAM-YeHGA
041 0 _arus
100 1 _aАртамонов, Михаил Прокофьевич.
245 1 0 _aЗаписки селькора /
_cМ.П. Артамонов
260 _aОмск :
_bКн. изд-во,
_c1962.
300 _a43 с.,
_bил.
653 0 _aРабселькоры
653 0 _aКорреспонденция в газете
942 _2udc
_cBK
001 1788928
090 _c519789
999 _c516246
_d516246